00646nam a22001457a 4500008004100000040005500041080002300096245011200119260006200231650001200293653001700305942001200322999001700334952014900351230605b |||||||| |||| 00| 0 eng d aNational Science LibrarycNational Science Library a615.477(082.2)bN7 aProceedings of symposium on biomechanics and biomaterials, 15 March 1997c/ Department of Applied Mechanics aWest Bangal: bDepartment of Applied Mechanics, c1997 aScience aBiomechanics 2udccPR c39423d39423 00102udc4066154770822_N770959322aNSLbNSLcGF/Rk-12/C-1/R-2d1997-09-08l0o615.477(082.2) N7p177418r2023-06-05 00:00:00w2023-06-05yBK